| 000 | 00409cam a2200157ua 4500 | ||
|---|---|---|---|
| 003 | OSt | ||
| 005 | 20260213113517.0 | ||
| 008 | 260213b |||||||| |||| 00| 0 eng d | ||
| 041 | _aeng | ||
| 082 |
_a624.0151 _bDEP/FO |
||
| 245 | _aFoundations and earth sturctures: design manual 7.2 / | ||
| 250 | _a1 / | ||
| 260 |
_aNew York : _bScientific Books Publisher INC , _c1985. |
||
| 300 | _a244 ; . | ||
| 942 | _cBK | ||
| 999 |
_c5515 _d5515 |
||